MARC

LEADER 00000nab a2200000 ar4500
001 vtls010649104
003 SK-MaSNL
005 20260304033537.0
008 180907c2014 xo sr|p|||||||000 b|slo
038 |a PPPK 
040 |a PPPKCL  |b slo  |c PPPKCL  |e AACR2 
041 0 |a slo 
044 |a xo  |c SK 
080 |a 2-312.55-335  |2 2001 
080 |a 728.538  |x (437.6-17)  |2 2001 
080 |a 398.332.416:745.5  |x (437.6-17)  |2 2001 
100 1 |a Humeník, Pavol,  |d 1963-  |4 aut  |9 240569 
245 1 0 |a Snehový betlehem na Rainerke nebude chýbať  |c t/f Pavol Humeník 
300 |b Fotogr. 
600 1 7 |a Petras, Peter,  |d 1946-  |2 pppkcl  |9 264555 
610 2 7 |a Rainerova chata (Vysoké Tatry, Slovensko)  |2 pppkcl  |9 1092694 
650 0 7 |a Traja králi  |2 pppkcl  |9 30683 
650 0 7 |a horské chaty  |2 pppkcl  |9 98865 
650 0 7 |a betlehemy  |2 pppkcl  |9 13423 
651 7 |a Vysoké Tatry (Poľsko a Slovensko : pohorie)  |2 SNKPHgeo  |9 67729 
651 7 |a Starolesnianska poľana (Vysoké Tatry, Slovensko)  |2 pppkcl  |9 1237108 
773 0 |t Kežmarok  |g Roč. XXII, č. 24 (2014), s. 21 
852 |a PPPK  |b KIS3GCP 
856 4 1 |u http://www.kezmarok.sk/obcan/clanky/noviny_kezmarok_archiv-110.htm 
999 |c 2648640  |d 2650570